Представление документа в формате RUSMARC

ПолеНазваниеЗначение
  Тип записи a
  Библиографический уровень m
001 Контрольный номер UONB/MAIN/32bad248aecc46b3b3d914e5d5d59076
005 Дата корректировки 20230404100313.0
100 Данные общей обработки __
a Данные общей обработки 20230404a2006 u##y0rusy0189 ca
101 Язык документа 0_
a Язык текста rus
102 Страна публикации __
a Страна публикации RU
200 Заглавие и сведения об ответственности 1_
a Заглавие № 10
210 Выходные данные 1_
d Дата издания 2006
215 Физическое описание __
a Объем 89 с.
461 Уровень набора _0
1 2001
a Сценарии и репертуар
v № 10
1 001RU/УОНБ/EK/638459482
686 Индексы других классификаций __
2 Код системы rubbk
a Классификационный индекс 85
801 Источник записи _0
a Страна RU
b Организация Ульяновская ОНБ
c Дата составления 20230404
g Правила каталогизации RCR
801 Источник записи _1
a Страна RU
b Организация Ульяновская ОНБ
c Дата составления 20230404
g Правила каталогизации RCR
900 Электронные ресурсы __
a Имя электронного ресурса 2205060011
901 Тип документа __
t Тип документа s
w Контрольный № источника RU/УОНБ/EK/638459482